• 首页
  • 本馆介绍
  • 公告通知
  • 最新文献
  • 馆藏检索
  • 电子资源
  • 读者导购
  • 参考咨询
  • 我的图书馆
  • 登录
  • 详细信息显示
  • 放入我的书架
  • 预约/预借图书
  • 作者相关作品
  • 分类相关作品
  • 丛书相关作品
  • 出版社相关作品

书目信息

  • 表格格式
  • 工作单格式
  • 卡片格式
题名:
基因分子生物学
    
 
作者: 沃森 编著
分册:  
出版信息: 北京   科学出版社  2011
页数: 841
开本: 29cm
丛书名:
单 册:
中图分类: Q34
科图分类:
主题词: 遗传学--分类
电子资源:
ISBN: 7-03-031761-2
000 00563nam0 2200193 450
001 1735846483
005 20170410095726.48
010    @a7-03-031761-2@d¥136.00
100    @a20170410d km y0chiy0120 ea
101 0  @achi
200 1  @a基因分子生物学@Aji yin fen zi sheng wu xue@f(美)沃森等编著@F(mei)wo sen deng bian zhu
205    @a6版
210    @a北京@c科学出版社@d2011
215    @a841@d29cm
606 0  @a遗传学@x分类
690    @aQ34@v4
701  0 @a沃森@Awo sen@4编著
801  0 @aCN@b大连网信软件有限公司图书馆·11@c20170410
905    @b6604315@dQ34@en5@f1
    
    基因分子生物学/(美)沃森等编著.-6版.-北京:科学出版社,2011
    841;29cm
    
    
    ISBN 7-03-031761-2:¥136.00
    
●
相关链接 在E读中查询图书 在五车中查询图书 在当当中查询图书 在豆瓣中查询图书


正题名:基因分子生物学     索取号:Q34/n5         预约/预借

序号 登录号 条形码 馆藏地/架位号 状态 备注
1 6604315   266043159   密集书库-生命科学系/ [索取号:Q34/n5] 在馆    
唐山师范学院图书馆 欢迎您!
大连网信软件有限公司© 版权所有